LEADER 01050cas1-2200361---4500 001 990003001900203316 005 20101104123553.0 035 $a000300190 035 $aUSA01000300190 035 $a(ALEPH)000300190USA01 035 $a000300190 100 $a20071030a----9999km-y0itay50------ba 101 0 $aita 102 $aIT 110 $aaka-------- 200 1 $aAnnali ...$fFondazione Istituto Gramsci 210 $aRoma$cCarocci 215 $av.$d24 cm 300 $aComincia nel 1989 300 $aL'editore varia 300 $aDescrizione basata su : 15 (2007) 463 \1$1001990003001780203316$12001 $aTogliatti nel suo tempo 600 $aTogliatti,$bPalmiro$xPeriodici 676 $a940.105 801 0$aIT$bsalbc$gISBD 912 $a990003001900203316 959 $aSE 979 $aALESSANDRA$b90$c20071030$lUSA01$h1034 979 $aALESSANDRA$b90$c20071030$lUSA01$h1036 979 $aVITTORIANA$b90$c20101104$lUSA01$h1232 979 $aVITTORIANA$b90$c20101104$lUSA01$h1235 996 $aAnnali$988849 997 $aUNISA LEADER 01306nas 2200433- 450 001 9910164659903321 005 20180515082941.7 011 $a2379-1365 035 $a(OCoLC)772466889 035 $a(CKB)2560000000079766 035 $a(CONSER)--2012200018 035 $a(EXLCZ)992560000000079766 100 $a20120111a20129999 --- a 101 0 $aeng 181 $ctxt$2rdacontent 182 $cc$2rdamedia 183 $acr$2rdacarrier 200 00$aMaterials performance and characterization 210 1$a[West Conshohocken, PA] :$c[ASTM International],$d2012- 300 $aRefereed/Peer-reviewed 311 $a2165-3992 517 1 $aASTM materials performance and characterization 517 1 $aMPC 531 0 $aMater. perform. charact. 606 $aMaterials$vPeriodicals 606 $aMaterials science$vPeriodicals 606 $aMaterials$2fast$3(OCoLC)fst01011772 606 $aMaterials science$2fast$3(OCoLC)fst01011957 608 $aPeriodicals.$2fast 615 0$aMaterials 615 0$aMaterials science 615 7$aMaterials. 615 7$aMaterials science. 676 $a620.11 712 02$aASTM International. 906 $aJOURNAL 912 $a9910164659903321 996 $aMaterials performance and characterization$92171128 997 $aUNINA